01213cam a2200337 a 45000010005000000030006000050050017000110080041000280100017000690200031000860200029001170400023001460420009001690500013001780820009001911000020002002450127002202600038003473000048003854900016004334900036004495050007004855200188004925210018006805210018006986500027007166500022007436500025007657000047007907000038008374182FISKH20240626075825.0081118s2009 nyua b 000 1 eng  a 2008047701 a9780061703737 (trade bdg.) a9780061703720 (pbk bdg.) aDLCcDLCdDLCbeng alcac00aPZ7.O222 a464 1 aO'Connor, Jane.14aThe show must go on /cby Jane O'Connor ; cover illustration by Robin Preiss Glasser ; interior illustrations by Ted Enik. aNew York :bHarperCollins,c2009. a32 pages : bcolor illustrations ; c23 cm 0 aFancy Nancy0 aI can read! Beginning reading 1 aJ  aNancy, who likes to use fancy words, is dismayed to be partnered with shy classmate Lionel for the school talent show until she comes up with an act perfectly suited for both of them.8 a460 bLexile 8 aJ bRaz-Plus  1aTalent showsvFiction. 1aSchoolsvFiction. 1aVocabularyvFiction.1 aPreiss-Glasser, Robin.eCover Illustrator 1 aEnik, Ted,eInterior illustrator